Największe miasta nad Dunajem - Statystyki

Ogólne statystyki
  • Ten quiz został rozwiązany 38 razy
  • Średni wynik to 6 z 14
Statystyki odpowiedzi
Ludność Miasto % Poprawnych
1,911mln. Wiedeń
100%
1,723mln. Budapeszt
94%
475tys. Bratysława
79%
1,694mln. Belgrad
76%
197tys. Linz
47%
341tys. Nowy Sad
41%
131tys. Gyor
35%
161tys. Ratyzbona
21%
152tys. Ruse
21%
119tys. Ulm
18%
298tys. Gałacz
15%
216tys. Braiła
9%
104tys. Drobeta-Turnu Severin
6%
137tys. Ingolstadt
6%
Nie znaleziono quizów pasujących do podanych kryteriów
Rozkład punktacji
Procent ludzi z każdym wynikiem
Percentyl według liczby udzielonych odpowiedzi
Twoja historia wyników
Nie rozwiązałeś tego quizu